[Event "Lorca Narciso Yepes op"]
[Site "Lorca"]
[Date "2006.??.??"]
[Round "?"]
[White "Perez Garcia, Rodney Oscar"]
[Black "Jorge Bort, Emilio"]
[Result "1-0"]
[WhiteElo "2412"]
[BlackElo "2197"]
[PlyCount "77"]
[EventDate "2006.06.25"]
[EventType "swiss"]
[EventRounds "9"]
[EventCountry "ESP"]
[SourceTitle "CBM 113 Extra"]
[Source "ChessBase"]
[SourceDate "2006.09.14"]
[SourceVersion "1"]
[SourceVersionDate "2006.09.14"]
[SourceQuality "1"]

1. c4 f5 2. Nc3 Nf6 3. g3 g6 4. Bg2 Bg7 5. d3 d6 6. e3 e5 7. Nge2 c6 8. 0-0 0-0 9. b4 Be6 10. b5 d5 11. bxc6 bxc6 12. d4 e4 13. f3 Nbd7 14. Qa4 Qc8 15. cxd5 cxd5 16. Ba3 Nb6 17. Qb3 Re8 18. Nb5 Qd7 19. Nd6 Red8 20. Nf4 Rab8 21. Rab1 Bf8 22. fxe4 Bxd6 23. Bxd6 Qxd6 24. e5 Qe7 25. exf6 Qxf6 26. Rfc1 Bf7 27. Rc7 Qd6 28. Rxa7 Nc4 29. Qd3 Rxb1+ 30. Qxb1 Nxe3 31. Qb7 Qf6 32. Nd3 Ng4 33. Ne5 Rf8 34. Bxd5 Nh6 35. Nxf7 Qxd4+ 36. Kg2 Nxf7 37. Bxf7+ Kh8 38. h4 Rd8 39. Bxg6 1-0

[Event "Cullera op 26th"]
[Site "Cullera"]
[Date "2005.07.30"]
[Round "9.10"]
[White "Navarro Ortiz de Orruno, Borja"]
[Black "Jorge Bort, Emilio"]
[Result "1/2-1/2"]
[WhiteElo "2258"]
[BlackElo "2124"]
[PlyCount "84"]
[EventDate "2005.07.21"]
[EventType "swiss"]
[EventRounds "9"]
[EventCountry "ESP"]
[SourceTitle "CBM 107 Extra"]
[Source "ChessBase"]
[SourceDate "2005.09.01"]
[SourceVersion "1"]
[SourceVersionDate "2005.09.01"]
[SourceQuality "1"]

1. d4 f5 2. c4 Nf6 3. Nf3 g6 4. g3 Bg7 5. Bg2 0-0 6. 0-0 d6 7. Nc3 Nc6 8. Rb1 e5 9. d5 Ne7 10. b4 h6 11. Qb3 g5 12. c5 f4 13. Nxe5 dxe5 14. d6+ Kh8 15. dxe7 Qxe7 16. Qc2 c6 17. Ba3 a6 18. Rbd1 Be6 19. Rd2 Rad8 20. Rfd1 Ng4 21. Ne4 Bf5 22. Rxd8 Rxd8 23. Rxd8+ Qxd8 24. Qd3 Qxd3 25. exd3 Nf6 26. Nd6 Bxd3 27. Bc1 Nd5 28. Bxd5 cxd5 29. Nxb7 Bb5 30. Nd6 Bc6 31. Nc8 Bf8 32. Na7 Ba4 33. gxf4 gxf4 34. Ba3 Bb5 35. Nxb5 axb5 36. Bb2 d4 37. Kg2 Kg7 38. Kf3 Kf6 39. Ke4 Ke6 40. Bc1 h5 41. f3 Be7 42. Bb2 Bd8 1/2-1/2

[Event "Cullera op 26th"]
[Site "Cullera"]
[Date "2005.07.26"]
[Round "5.10"]
[White "Fenollar Jorda, Manuel"]
[Black "Jorge Bort, Emilio"]
[Result "0-1"]
[WhiteElo "2273"]
[BlackElo "2124"]
[PlyCount "56"]
[EventDate "2005.07.21"]
[EventType "swiss"]
[EventRounds "9"]
[EventCountry "ESP"]
[SourceTitle "CBM 107 Extra"]
[Source "ChessBase"]
[SourceDate "2005.09.01"]
[SourceVersion "1"]
[SourceVersionDate "2005.09.01"]
[SourceQuality "1"]

1. d4 f5 2. g3 Nf6 3. Bg2 g6 4. Nh3 Bg7 5. Nf4 Nc6 6. h4 d6 7. d5 Ne5 8. Nc3 c6 9. h5 Qb6 10. hxg6 hxg6 11. Rxh8+ Bxh8 12. dxc6 bxc6 13. Be3 Qc7 14. Ncd5 cxd5 15. Nxd5 Nxd5 16. Qxd5 Rb8 17. Qg8+ Kd7 18. Qxh8 Rxb2 19. Kf1 Qxc2 20. Re1 Rb1 21. Bd2 Rxe1+ 22. Bxe1 Ba6 23. Kg1 Qxe2 24. Ba5 Qd1+ 25. Kh2 Ng4+ 26. Kh3 Nxf2+ 27. Kh2 Qh5+ 28. Qxh5 gxh5 0-1

[Event "Cullera op 26th"]
[Site "Cullera"]
[Date "2005.07.23"]
[Round "2.28"]
[White "Jorge Bort, Emilio"]
[Black "Thomas, Ludovic"]
[Result "0-1"]
[WhiteElo "2124"]
[BlackElo "2120"]
[PlyCount "133"]
[EventDate "2005.07.21"]
[EventType "swiss"]
[EventRounds "9"]
[EventCountry "ESP"]
[SourceTitle "CBM 107 Extra"]
[Source "ChessBase"]
[SourceDate "2005.09.01"]
[SourceVersion "1"]
[SourceVersionDate "2005.09.01"]
[SourceQuality "1"]

1. e4 c5 2. Nc3 a6 3. Nf3 d6 4. d4 cxd4 5. Nxd4 Nf6 6. Be3 e5 7. Nb3 Be6 8. f3 Nbd7 9. Qd2 h5 10. Be2 h4 11. Kf2 b5 12. g4 b4 13. Nd5 Bxd5 14. exd5 Nb6 15. Qxb4 Nbxd5 16. Qa4+ Nd7 17. Bc4 Nxe3 18. Kxe3 Be7 19. Rad1 0-0 20. Bd5 Nb6 21. Qe4 Nxd5+ 22. Rxd5 Qb6+ 23. Ke2 a5 24. a4 Rfc8 25. Rb5 Qc7 26. c3 Rab8 27. Rd1 Rxb5 28. axb5 a4 29. Qxa4 d5 30. Rxd5 e4 31. Qxe4 Qxh2+ 32. Ke1 Bd6 33. Nd2 Qg1+ 34. Ke2 Bg3 35. Qd4 Re8+ 36. Kd3 Bf2 37. Qa4 Bb6 38. Qc4 g6 39. Qc6 Qe3+ 40. Kc2 Re6 41. Nc4 Qf2+ 42. Rd2 Rxc6 43. Rxf2 Rxc4 44. Rh2 g5 45. Kd3 Rf4 46. Rh3 f5 47. gxf5 Rxf5 48. c4 Bc5 49. Kc3 Bf2 50. b4 Bg3 51. c5 Rxf3+ 52. Kc4 Rf1 53. b6 g4 54. Rxg3 hxg3 55. b7 Rf8 56. c6 g2 57. c7 g1Q 58. b8Q Qf1+ 59. Kb3 Qd3+ 60. Ka4 Qa6+ 61. Kb3 Qe6+ 62. Ka4 Kg7 63. b5 Qc4+ 64. Ka5 Qa2+ 65. Kb6 Qe6+ 66. Kb7 Qd5+ 67. Ka6 0-1

[Event "Cullera op-A 25th"]
[Site "Cullera"]
[Date "2004.07.28"]
[Round "8"]
[White "Fernandez Gil, Marco Antonio"]
[Black "Jorge Bort, Emilio"]
[Result "1-0"]
[WhiteElo "2228"]
[BlackElo "2150"]
[PlyCount "119"]
[EventDate "2004.07.??"]
[EventType "swiss"]
[EventRounds "9"]
[EventCountry "ESP"]
[SourceTitle "CBM 101 Extra"]
[Source "ChessBase"]
[SourceDate "2004.09.01"]
[SourceVersion "2"]
[SourceVersionDate "2004.09.01"]
[SourceQuality "1"]

1. e4 c5 2. Nf3 Nc6 3. d4 cxd4 4. Nxd4 Nf6 5. Nc3 e5 6. Ndb5 d6 7. Bg5 a6 8. Na3 b5 9. Bxf6 gxf6 10. Nd5 f5 11. Bd3 Be6 12. 0-0 Bg7 13. Qh5 f4 14. c4 b4 15. Nc2 Rb8 16. b3 a5 17. Be2 0-0 18. Bg4 Ne7 19. Nxe7+ Qxe7 20. Bf5 h6 21. Rfd1 Rfd8 22. h4 Rd7 23. Rd3 Qf6 24. Bh3 Bf8 25. a3 bxa3 26. Nxa3 a4 27. bxa4 Rc7 28. Bxe6 fxe6 29. Nb5 Rxc4 30. Nxd6 Bxd6 31. Rxd6 Rbc8 32. Qg4+ Kf7 33. Rd7+ Kf8 34. Qd1 Rd4 35. Rxd4 exd4 36. a5 f3 37. Qxf3 Qxf3 38. gxf3 e5 39. a6 Ke7 40. a7 Ra8 41. Ra6 h5 42. Rh6 Kd7 43. Kf1 Kc7 44. Rxh5 Kd6 45. Rh7 Rc8 46. Ke2 Rc2+ 47. Kd1 Ra2 48. h5 Kc5 49. Rc7+ Kb6 50. Re7 Kc5 51. h6 Kc4 52. Rc7+ Kd3 53. h7 Rxf2 54. Ke1 Re2+ 55. Kf1 Ke3 56. h8Q Rf2+ 57. Kg1 Rxf3 58. Qxe5 d3 59. Qg5+ Ke2 60. Qg2+ 1-0

[Event "Cullera op-A 25th"]
[Site "Cullera"]
[Date "2004.07.23"]
[Round "4"]
[White "Jorge Bort, Emilio"]
[Black "Serrano Salvador, Eduardo"]
[Result "1/2-1/2"]
[WhiteElo "2150"]
[BlackElo "2251"]
[PlyCount "33"]
[EventDate "2004.07.??"]
[EventType "swiss"]
[EventRounds "9"]
[EventCountry "ESP"]
[SourceTitle "CBM 101 Extra"]
[Source "ChessBase"]
[SourceDate "2004.09.01"]
[SourceVersion "2"]
[SourceVersionDate "2004.09.01"]
[SourceQuality "1"]

1. e4 c5 2. Nf3 e6 3. d4 cxd4 4. Nxd4 Nc6 5. Nc3 Qc7 6. Ndb5 Qb8 7. Be3 Nf6 8. f4 d6 9. Qf3 Be7 10. Bd3 a6 11. Nd4 Qc7 12. 0-0 0-0 13. Rae1 Nxd4 14. Bxd4 e5 15. Be3 b5 16. f5 Bb7 17. g4 1/2-1/2

[Event "Cullera op-A 25th"]
[Site "Cullera"]
[Date "2004.07.21"]
[Round "2"]
[White "Ibanez Aullana, Jose Ramon"]
[Black "Jorge Bort, Emilio"]
[Result "1-0"]
[WhiteElo "2288"]
[BlackElo "2150"]
[PlyCount "109"]
[EventDate "2004.07.??"]
[EventType "swiss"]
[EventRounds "9"]
[EventCountry "ESP"]
[SourceTitle "CBM 101 Extra"]
[Source "ChessBase"]
[SourceDate "2004.09.01"]
[SourceVersion "2"]
[SourceVersionDate "2004.09.01"]
[SourceQuality "1"]

1. e4 c5 2. Nf3 Nc6 3. c3 Nf6 4. e5 Nd5 5. d4 cxd4 6. Bc4 Nb6 7. Bb3 d5 8. exd6 Qxd6 9. 0-0 e6 10. cxd4 Be7 11. Nc3 0-0 12. a3 Nd5 13. Ne4 Qd8 14. Qd3 Nf6 15. Bc2 Nxe4 16. Qxe4 f5 17. Qd3 Bf6 18. Be3 Kh8 19. Rad1 e5 20. dxe5 Qxd3 21. Rxd3 Nxe5 22. Nxe5 Bxe5 23. Bc5 Rg8 24. Bb3 b6 25. Bxg8 Ba6 26. Rh3 Kxg8 27. Re1 Bxb2 28. Bb4 Bc4 29. Bc3 Bxa3 30. Bxg7 Kxg7 31. Rxa3 a5 32. Re7+ Kg6 33. Rb7 b5 34. f4 a4 35. Kf2 Rd8 36. Rb6+ Kf7 37. Ke3 Rd1 38. h3 Rg1 39. Kf2 Rd1 40. Kg3 Rb1 41. Kh4 Rb3 42. Ra1 a3 43. Kg5 a2 44. Rxa2 Rg3+ 45. Kh4 Bxa2 46. Kxg3 Bc4 47. Kh4 Ke7 48. Kg5 Bd3 49. g4 fxg4 50. hxg4 Kd7 51. f5 Kc7 52. Rh6 b4 53. Rxh7+ Kc6 54. Rh3 Bc4 55. Rh2 1-0

[Event "Valencia Autonomico Center"]
[Site "Valencia"]
[Date "2004.01.24"]
[Round "2"]
[White "Jorge Bort, Emilio"]
[Black "Valentin Pascual, Cesar Emilio"]
[Result "1-0"]
[WhiteElo "2163"]
[BlackElo "2164"]
[PlyCount "139"]
[EventDate "2004.01.17"]
[EventType "team"]
[EventRounds "4"]
[EventCountry "ESP"]
[SourceTitle "CBM 098 Extra"]
[Source "ChessBase"]
[SourceDate "2004.03.10"]
[SourceVersion "2"]
[SourceVersionDate "2004.03.10"]
[SourceQuality "1"]

1. e4 c6 2. d4 g6 3. Nf3 Bg7 4. Nc3 Nf6 5. Be2 d6 6. 0-0 Bg4 7. Be3 0-0 8. Re1 Nbd7 9. Qd2 Qc7 10. Bh6 e5 11. dxe5 dxe5 12. Bxg7 Kxg7 13. Qe3 Bxf3 14. Bxf3 Qb6 15. Qxb6 Nxb6 16. b3 Rad8 17. Rad1 Rfe8 18. a4 a5 19. Kf1 Na8 20. Rxd8 Rxd8 21. Rd1 Rxd1+ 22. Nxd1 Nc7 23. Nb2 b5 24. Nd3 bxa4 25. bxa4 Nd7 26. Bg4 f5 27. exf5 e4 28. Nc1 Nc5 29. fxg6 hxg6 30. Nb3 Nxa4 31. Nxa5 c5 32. Bd7 Nc3 33. Nb3 Na6 34. Ke1 Kf6 35. Bc8 Nb4 36. Nxc5 Ke5 37. Na6 Nc6 38. Bd7 Nd4 39. Be8 g5 40. Nc5 Nd5 41. Bg6 Nxc2+ 42. Kd2 Nd4 43. Bxe4 Nf6 44. Bb1 Ng4 45. Nd3+ Kf6 46. h3 Nh6 47. Nc5 Nf7 48. Ke3 Nc6 49. Ne4+ Kg7 50. Ba2 Ncd8 51. Bxf7 Nxf7 52. Kf3 Kg6 53. g4 Nd8 54. Kg3 Ne6 55. h4 gxh4+ 56. Kxh4 Nf4 57. Nc3 Nd3 58. Kg3 Nc5 59. f4 Kh6 60. Kf3 Kg6 61. f5+ Kh6 62. Ne4 Nd3 63. Nf2 Ne5+ 64. Kf4 Nf7 65. Ne4 Kg7 66. g5 Nh8 67. Nc5 Kf7 68. Nd7 Ke7 69. Ne5 Ke8 70. Kg4 1-0

[Event "Autonomico Clubs"]
[Site "Spain"]
[Date "2004.??.??"]
[Round "?"]
[White "Jorge Bort, Emilio"]
[Black "Remoli Sargues, Francisco"]
[Result "0-1"]
[WhiteElo "2150"]
[BlackElo "2023"]
[PlyCount "76"]
[EventDate "2004.??.??"]
[EventType "team"]
[EventRounds "7"]
[EventCountry "ESP"]
[SourceTitle "EXT 2007"]
[Source "ChessBase"]
[SourceDate "2006.11.23"]
[SourceVersion "1"]
[SourceVersionDate "2006.11.23"]
[SourceQuality "1"]

1. e4 d6 2. d4 Nf6 3. Nc3 e5 4. Nf3 Nbd7 5. Bc4 Be7 6. Bg5 c6 7. Bb3 b5 8. d5 c5 9. Nxb5 Qa5+ 10. Nc3 Nxe4 11. Bxe7 Kxe7 12. 0-0 Nxc3 13. Qd2 Ba6 14. Rfe1 c4 15. bxc3 f6 16. Nd4 Kf7 17. Nf5 Qa3 18. Qd1 g6 19. Ne3 Rac8 20. Qg4 f5 21. Qh4 f4 22. Qg4 Ke8 23. Nf1 Kd8 24. Nd2 Re8 25. Ne4 Re7 26. h4 Rc7 27. h5 Bb7 28. Red1 Nb6 29. hxg6 hxg6 30. Qxg6 Rcd7 31. Nf6 Kc7 32. Qg5 Qa5 33. Rab1 cxb3 34. Rxb3 Qxa2 35. Rdb1 Qxc2 36. Nxd7 Rxd7 37. Qg8 Bxd5 38. R3b2 Qxb1+ 0-1

[Event "Silla op 4th"]
[Site "Silla"]
[Date "2003.12.23"]
[Round "4"]
[White "Jorge Bort, Emilio"]
[Black "Insa Alfonso, Pablo"]
[Result "1-0"]
[WhiteElo "2163"]
[BlackElo "2105"]
[PlyCount "45"]
[EventDate "2003.12.19"]
[EventType "swiss"]
[EventRounds "7"]
[EventCountry "ESP"]
[SourceTitle "CBM 097 Extra"]
[Source "ChessBase"]
[SourceDate "2004.01.13"]
[SourceVersion "1"]
[SourceVersionDate "2004.01.13"]
[SourceQuality "1"]

1. c4 f5 2. Nc3 Nf6 3. d4 e6 4. Bg5 h6 5. Bxf6 Qxf6 6. Nf3 c6 7. Qa4 d5 8. cxd5 b5 9. Qc2 exd5 10. Nxd5 Qd8 11. Nc3 Na6 12. e3 Nb4 13. Qb3 Qd6 14. a3 Be6 15. Qd1 Nd5 16. Ne5 Nxc3 17. Qh5+ Kd8 18. bxc3 Be7 19. Bd3 Rf8 20. 0-0 f4 21. a4 bxa4 22. Ng6 Bf7 23. Qa5+ 1-0

[Event "Silla op 4th"]
[Site "Silla"]
[Date "2003.12.21"]
[Round "2"]
[White "Jorge Bort, Emilio"]
[Black "Clari Velasco, Andres"]
[Result "1-0"]
[WhiteElo "2163"]
[BlackElo "1876"]
[PlyCount "85"]
[EventDate "2003.12.19"]
[EventType "swiss"]
[EventRounds "7"]
[EventCountry "ESP"]
[SourceTitle "CBM 097 Extra"]
[Source "ChessBase"]
[SourceDate "2004.01.13"]
[SourceVersion "1"]
[SourceVersionDate "2004.01.13"]
[SourceQuality "1"]

1. e4 c5 2. Nc3 d6 3. g3 Nf6 4. Bg2 Nc6 5. Nge2 g6 6. 0-0 Bg7 7. d4 cxd4 8. Nxd4 a6 9. Nxc6 bxc6 10. e5 Nd5 11. Nxd5 cxd5 12. Qxd5 Rb8 13. exd6 Bb7 14. Qc5 Bxg2 15. Kxg2 Qxd6 16. Qxd6 exd6 17. Rd1 Ke7 18. Bg5+ f6 19. Bf4 Rxb2 20. Bxd6+ Kf7 21. Ba3 Rb7 22. Rab1 Rhb8 23. Rb3 f5 24. Rdb1 Rxb3 25. axb3 Bc3 26. Rd1 Rb7 27. Rd6 a5 28. Rc6 Bb4 29. Bxb4 axb4 30. Kf3 Ke7 31. Ke3 Kd7 32. Rf6 Ke7 33. Ra6 Rc7 34. Kd2 Rd7+ 35. Kc1 Kf7 36. Rb6 Rd4 37. Rb7+ Kf6 38. Rxh7 f4 39. Rc7 f3 40. Rc4 Ke5 41. Rxd4 Kxd4 42. Kd2 g5 43. h3 1-0

[Event "Mislata op-B 11th"]
[Site "Mislata"]
[Date "2003.??.??"]
[Round "2.4"]
[White "Jorge Bort, Emilio"]
[Black "Gimeno Higueras, Roberto"]
[Result "1/2-1/2"]
[WhiteElo "2156"]
[BlackElo "1981"]
[PlyCount "82"]
[EventDate "2003.08.19"]
[EventType "swiss"]
[EventRounds "9"]
[EventCountry "ESP"]
[SourceTitle "EXT 2004"]
[Source "ChessBase"]
[SourceDate "2003.11.25"]
[SourceVersion "1"]
[SourceVersionDate "2003.11.25"]
[SourceQuality "1"]

1. e4 c6 2. d4 d5 3. e5 Bf5 4. Nf3 e6 5. Be2 c5 6. Be3 Qb6 7. Nc3 a6 8. 0-0 Nd7 9. Na4 Qc6 10. Nxc5 Nxc5 11. dxc5 Bxc5 12. Bxc5 Qxc5 13. Nd4 Ne7 14. Nxf5 Nxf5 15. Bd3 0-0 16. c3 Rad8 17. Bxf5 exf5 18. Qd4 Qxd4 19. cxd4 Rc8 20. Rac1 b6 21. f4 Rfd8 22. Kf2 Kf8 23. Ke3 Ke7 24. Kd3 Kd7 25. Rc3 Rxc3+ 26. bxc3 Rc8 27. Rb1 Rc6 28. Rb4 b5 29. a4 Rc4 30. Rxc4 bxc4+ 31. Kc2 h6 32. g3 h5 33. h3 g6 34. Kb2 Kc6 35. Ka3 a5 36. Kb2 Kd7 37. Kc2 Ke6 38. Kd2 Ke7 39. Ke3 Kd7 40. Kf3 Ke6 41. g4 h4 1/2-1/2

[Event "De Navidad de Silla op 2th"]
[Site "Valencia"]
[Date "2002.12.??"]
[Round "3.2"]
[White "Jorge Bort, Emilio"]
[Black "Jordan Arenas, Manuel"]
[Result "1/2-1/2"]
[WhiteElo "2179"]
[BlackElo "2148"]
[PlyCount "174"]
[EventDate "2002.12.22"]
[EventType "swiss"]
[EventRounds "7"]
[EventCountry "ESP"]
[SourceTitle "CBM 092 Extra"]
[Source "ChessBase"]
[SourceDate "2003.03.07"]
[SourceVersion "1"]
[SourceVersionDate "2003.03.07"]
[SourceQuality "1"]

1. e4 c5 2. Nc3 Nc6 3. g3 g6 4. Bg2 Bg7 5. d3 e6 6. Be3 Nd4 7. Qd2 Ne7 8. Nd1 d6 9. c3 Ndc6 10. Bh6 Bxh6 11. Qxh6 Ng8 12. Qd2 e5 13. Ne2 Qa5 14. Ne3 Be6 15. 0-0 Nf6 16. f4 Ng4 17. f5 Nxe3 18. Qxe3 Bd7 19. Qg5 Qd8 20. Qh6 Qe7 21. Qg7 Qf8 22. Qf6 Rg8 23. Bh3 g5 24. d4 Qe7 25. dxe5 Nxe5 26. Qxe7+ Kxe7 27. Rad1 f6 28. b3 b5 29. Nc1 c4 30. bxc4 bxc4 31. Ne2 Rab8 32. Nd4 Rb2 33. Rf2 Rgb8 34. Rdd2 Rxd2 35. Rxd2 Rb1+ 36. Bf1 Rc1 37. Rc2 Rb1 38. h4 Ba4 39. Re2 g4 40. Rf2 Rc1 41. Ne2 Rc2 42. Nf4 Rxf2 43. Kxf2 Bc2 44. Ke3 a5 45. Be2 a4 46. a3 Kf7 47. Kd4 Nf3+ 48. Ke3 Ne5 49. Kd4 Nf3+ 50. Bxf3 gxf3 51. Nh3 Ke7 52. Ke3 Bd1 53. Ng1 f2 54. Kxf2 d5 55. Ke3 Kd6 56. Nh3 dxe4 57. Kxe4 Bc2+ 58. Kf4 h5 59. Nf2 Bd3 60. Ne4+ Ke7 61. Nc5 Bc2 62. Ne6 Bd1 63. Nc7 Kd6 64. Nb5+ Kd5 65. Nd4 Kd6 66. Ne6 Kd5 67. Ng7 Kd6 68. Ke4 Ke7 69. Kd5 Kf7 70. Ne6 Bc2 71. Kxc4 Bxf5 72. Nc5 Bc2 73. Kb4 Kg6 74. Nxa4 Kf5 75. Nb6 Kg4 76. Nd5 Kxg3 77. Nxf6 Kxh4 78. c4 Kg5 79. Nxh5 Kxh5 80. a4 Kg5 81. a5 Kf6 82. Kb5 Ke6 83. Kc6 Ba4+ 84. Kc7 Bb3 85. c5 Kd5 86. Kb6 Ba4 87. a6 Bc6 1/2-1/2

[Event "Andorra op 20th"]
[Site "Andorra"]
[Date "2002.07.10"]
[Round "5"]
[White "Jorge Bort, Emilio"]
[Black "Jeremic, Veljko"]
[Result "0-1"]
[WhiteElo "2168"]
[BlackElo "2482"]
[PlyCount "70"]
[EventDate "2002.07.06"]
[EventType "swiss"]
[EventRounds "9"]
[EventCountry "AND"]
[SourceTitle "CBM 089 Extra"]
[Source "ChessBase"]
[SourceDate "2002.09.10"]
[SourceVersion "2"]
[SourceVersionDate "2002.09.10"]
[SourceQuality "1"]

1. e4 e6 2. d4 d5 3. Nc3 Nf6 4. e5 Nfd7 5. f4 c5 6. Nf3 Nc6 7. Be3 a6 8. Qd2 b5 9. Ne2 b4 10. Ng3 Qb6 11. Be2 cxd4 12. Nxd4 Bc5 13. c3 a5 14. 0-0 Ba6 15. Rae1 0-0 16. Bxa6 Rxa6 17. Nxc6 Qxc6 18. Bxc5 Qxc5+ 19. Kh1 bxc3 20. bxc3 Rc6 21. Rf3 g6 22. f5 exf5 23. Qh6 Re8 24. h4 Rxe5 25. Rb1 Qf8 26. Qd2 Rc4 27. h5 Rh4+ 28. Kg1 Qc5+ 29. Kf1 Qc4+ 30. Kg1 f4 31. Qd4 fxg3 32. Rb8+ Nxb8 33. Qxe5 Qc5+ 34. Kf1 Qb5+ 35. Ke1 Re4+ 0-1

[Event "Andorra op 20th"]
[Site "Andorra"]
[Date "2002.??.??"]
[Round "2"]
[White "Jorge Bort, Emilio"]
[Black "Gonzalez de la Torre, Santiago"]
[Result "0-1"]
[WhiteElo "2168"]
[BlackElo "2420"]
[PlyCount "96"]
[EventDate "2002.07.06"]
[EventType "swiss"]
[EventRounds "9"]
[EventCountry "AND"]
[SourceTitle "CBM 089 Extra"]
[Source "ChessBase"]
[SourceDate "2002.09.10"]
[SourceVersion "2"]
[SourceVersionDate "2002.09.10"]
[SourceQuality "1"]

1. e4 Nf6 2. e5 Nd5 3. d4 d6 4. Nf3 Bg4 5. Be2 c6 6. 0-0 Bxf3 7. Bxf3 dxe5 8. dxe5 e6 9. Qe2 Nd7 10. c4 Ne7 11. Bh5 Qc7 12. f4 Nf5 13. Nc3 Bc5+ 14. Kh1 0-0 15. Ne4 Bb6 16. b4 Bd4 17. Rb1 c5 18. Rd1 Rad8 19. b5 Nb6 20. Bg4 Qe7 21. Rb3 Rd7 22. Rh3 f6 23. Ba3 fxe5 24. fxe5 Ne3 25. Nd6 Nxg4 26. Qxg4 Bxe5 27. Qe4 g6 28. Qxe5 Qxd6 29. Qxd6 Rxd6 30. Re1 Nxc4 31. Bc1 b6 32. a4 Re8 33. Kg1 e5 34. Rf3 e4 35. Rf2 e3 36. Rfe2 Rde6 37. Kf1 g5 38. g3 h5 39. Kg2 g4 40. h3 Kg7 41. h4 Kg6 42. Rd1 Kf5 43. Rf1+ Kg6 44. Rd1 Re4 45. Rd5 Rd4 46. Rg5+ Kf6 47. Rxh5 Rd1 48. Bxe3 Nxe3+ 0-1

[Event "Andorra op 20th"]
[Site "Andorra"]
[Date "2002.??.??"]
[Round "8"]
[White "Jorge Bort, Emilio"]
[Black "Navarro Cia, Miguel"]
[Result "0-1"]
[WhiteElo "2168"]
[BlackElo "2305"]
[PlyCount "94"]
[EventDate "2002.07.06"]
[EventType "swiss"]
[EventRounds "9"]
[EventCountry "AND"]
[SourceTitle "CBM 089 Extra"]
[Source "ChessBase"]
[SourceDate "2002.09.10"]
[SourceVersion "2"]
[SourceVersionDate "2002.09.10"]
[SourceQuality "1"]

1. e4 Nf6 2. e5 Nd5 3. d4 d6 4. Nf3 g6 5. Be2 Bg7 6. 0-0 0-0 7. Re1 dxe5 8. Nxe5 c5 9. Bf3 Nc6 10. Nxc6 bxc6 11. dxc5 Rb8 12. c3 Be6 13. Qa4 Qc7 14. Na3 Rfc8 15. Nc2 Bd7 16. g3 e5 17. Re2 a5 18. a3 Qa7 19. Ne3 Be6 20. Qh4 Qxc5 21. Ng4 Bxg4 22. Qxg4 f5 23. Bxd5+ cxd5 24. Qa4 Qc4 25. Qxc4 dxc4 26. Be3 Rd8 27. Kf1 Rd5 28. Ke1 Rbd8 29. Rd2 Rxd2 30. Bxd2 Rb8 31. Rb1 e4 32. Kd1 a4 33. Kc2 Kf7 34. Be3 Rd8 35. Bd4 Bxd4 36. cxd4 Ke6 37. Kc3 Kd5 38. Kb4 Rb8+ 39. Kxa4 c3 40. b3 Kxd4 41. Rd1+ Kc5 42. b4+ Kc4 43. Ka5 c2 44. Rc1 Kb3 45. b5 Ra8+ 46. Kb6 Rxa3 47. Kc7 Kb2 0-1